Normal view MARC view

Entry Personal Name

Number of records used in: 1

001 - CONTROL NUMBER

  • control field: 73428

003 - CONTROL NUMBER IDENTIFIER

  • control field: MY-SjTCS

005 - DATE AND TIME OF LATEST TRANSACTION

  • control field: 20191205135245.0

008 - FIXED-LENGTH DATA ELEMENTS

  • fixed length control field: 150210nn a|a||abb| a a|a d

039 #9 -

  • : 201502101215
  • : shuhada
  • : 201502101213
  • : shuhada

040 ## - CATALOGING SOURCE

  • Original cataloging agency: VRT
  • Transcribing agency: VRT

100 1# - HEADING--PERSONAL NAME

  • Personal name: Von Plato, Jan

400 1# - SEE FROM TRACING--PERSONAL NAME

  • Personal name: Plato, Jan von

670 ## - SOURCE DATA FOUND

  • Source citation: Elements of logical reasoning /:
  • Information found: t.p. (Jan von Plato.)

999 ## -

  • : VIRTUA4 x

999 ## -

  • : VTLSSORT0080*0400*1000*4000*6700*9991